LEADER 01001nam a2200241 u 4500 001 000000114005 003 CaOOAMICUS 005 20081201133205.0 008 081201s2008 nyu u000 u eng r 020 $z978-0-19-530631-6* 040 $aPUL$bita$dLDB 245 00$aCelibacy and religious traditions /$cedited by Carl Olson. 260 $aNew York :$bOxford University Press,$cc2008. 300 $axiv, 321 p. ;$c25 cm. 504 $aNote bibliografiche. 650 4$aCelibato ecclesiastico e religioso.$0(OLS)http://pul/subject/5927 700 1 $aOlson, Carl.$0(OLS)http://pul/name/59025 850 $aPUL 852 $aPUL$W1$xSL Religione 3$y85$m204. 47 OLSCA 1$j130274$qDDC 21$B129346$CPULBib$Z2$F129346 $H108826 $82 941 1 $a9 996 $6020$z978-0-19-530631-6*$9(OLS)http://pul/number/139237 996 $6245$aCelibacy and religious traditions$9(OLS)http://pul/title/143264 996 $6260$aNew York :$bOxford University Press$9(OLS)http://pul/publisher/50683 LEADER 01705nam a2200325 a 4500 001 000000172534 003 CaOOAMICUS 005 20190822092735.0 008 190822s2018 it u000 u ita r 020 $a978-88-319-3900-3* 032 $aLibriCat 040 $aPUL$bita 082 04$a322 100 1 $aRea, Francesco Salvatore.$0(OLS)http://pul/name/110065 245 10$aInteressi diffusi e Ordinamento canonico : $ble posizioni giuridiche meta-individuali tra assorbimento del Civis nelle formazioni sociali e Spannung ontologico del Christifidelis nella realtą comunitaria della Chiesa /$cFrancesco Salvatore Rea. 260 $aAcerra (Na) :$bTurisa,$c©2018. 300 $a827 p. ;$c25 cm. 490 1 $aStudia selecta ;$v02 504 $aBibliografia in nota. 650 4$aDiritto canonico amministrativo.$0(OLS)http://pul/subject/1786 650 4$aChiesa e stato$zItalia.$0(OLS)http://pul/subject/1175 830 0$aStudia selecta ;$v02.$0(OLS)http://pul/title/208433 850 $aPUL 852 $aPUL$W1$xSL Diritto e Scienze Sociali 3$y79$m322 REAFR 1$j196477$qDDC 21$B201239$CPULBib$Z2$F201239 $H13345 $82 960 $aDiritto amministrativo canonico$91786 996 $6020$a978-88-319-3900-3*$9(OLS)http://pul/number/166611 996 $6082$a322$9(OLS)http://pul/classification/512 996 $6245$aInteressi diffusi e Ordinamento canonico : $ble posizioni giuridiche meta-individuali tra assorbimento del Civis nelle formazioni sociali e Spannung ontologico del Christifidelis nella realtą comunitaria della Chiesa$9(OLS)http://pul/title/213493 996 $6260$aAcerra (Na) :$bTurisa$9(OLS)http://pul/publisher/86776